01018nam a22002654a 450000100060000000300080000600500170001400800390003102000170007002000240008703500190011104000320013004100080016208200300017024500950020026000530029530000240034850400510037265000420042365100640046570000400052994200120056999900170058195201540059833998BD-RjUL20211209052106.0140512s1994 dcua b 001 0 eng a1560001658 : a1560007400 (pbk.) : a(BD-RjUL)34091 aDLCcDLCdDLCdBD-RjULbeng aeng00a304.6091726220bPOP 199400aPopulation and development :bold debates, new conclusions /cRobert Cassen ... [et al.]. aNew Brunswick :bTransaction Publishers,cc1994. ax, 282 p. ;c24 cm. aIncludes bibliographical references and index. 0aPopulationxEconomic aspects.9103037 0aDeveloping countriesxPopulationxEconomic aspects.91033291 aRobert Cassen ... [et al.].9103330 2ddccBK c33998d33998 00102ddc40718NFICaRUCLbRUCLcReadingd1998-03-24eDept of social workg35.95l0o304.6091726 POP 1994r2014-05-12 00:00:00tC-1w2014-05-12yBK